【プロスピA】阪神タイガース メインポジションが先発の選手 - Statistics

General Stats
  • This quiz has been taken 20 times
  • The average score is 22 of 41
Answer Stats
初登場 レアリティ Answer % Correct
2018S2 通常 才木浩人
93%
2019S1 通常 西勇輝
93%
2015 通常 藤浪晋太郎
87%
2020S1 覚醒 西純矢
87%
2023S1 覚醒 大竹耕太郎
87%
2019S1 通常 青柳晃洋
80%
2022S1 覚醒 村上頌樹
80%
2025S1 覚醒 伊原陵人
73%
2018S2 OB 井川慶
67%
2019S2 OB 下柳剛
67%
2025S1 通常 デュプランティエ
67%
2015 通常 メッセンジャー
60%
2016S1 通常 能見篤史
60%
2021S1 通常 伊藤将司
60%
2022S2 OB 村山実
60%
2023S2 S-PARK 門別啓人
60%
2025S1 TS 安藤優也
60%
2017S1 覚醒 秋山拓巳
53%
2018S2 覚醒 髙橋遥人
53%
2019S1 TS 福原忍
53%
2024S1 覚醒 下村海翔
53%
2024S2 ジュニアトーナメント 及川雅貴
53%
2018S1 覚醒 馬場皐輔
47%
2018S1 覚醒 小野泰己
47%
2018S1 覚醒 岩田稔
47%
2021S2 OB 藪恵市
47%
2023S2 覚醒 ビーズリー
47%
2016S1 覚醒 藤川球児
40%
2016S2 OB 江夏豊
40%
2022S1 覚醒 森木大智
40%
2024S2 OB バッキー
40%
2025S2 覚醒 今朝丸裕喜
40%
2016S1 通常 岩貞祐太
33%
2016S2 覚醒 岩崎優
33%
2018S2 OB 小林繁
33%
2020S1 覚醒 スアレス
33%
2021S1 通常 ガンケル
33%
2022S1 通常 ウィルカーソン
33%
2019S1 覚醒 ガルシア
27%
2016S1 TS 久保康友
20%
2020S1 覚醒 望月惇志
20%
No matching quizzes found
Score Distribution
Percent of People with Each Score
Percentile by Number Answered
Your Score History
You have not taken this quiz